Southville International School and Colleges
Your cart is empty.
  • Cart
  • Lists
    Public lists Eva Luna New books Lux_list list_1
    Your lists Log in to create your own lists
  • Log in to your account
  • Your cookies
  • Search history
Southville International School and Colleges
  • Advanced search
  • Recent comments
  • Most popular
  • Libraries

Log in to your account

Log in with GOOGLE


If you do not have an external account, but do have a local account, you can still log in:

  1. Home
  2. MARC view: Entrepreneurship /
Normal view MARC view ISBD view

Entrepreneurship / (Record no. 368099)

[ view plain ]
MARC details
000 -LEADER
fixed length control field 00822nam a22002537a 4500
003 - CONTROL NUMBER IDENTIFIER
control field 0
005 - DATE AND TIME OF LATEST TRANSACTION
control field 20250925105229.0
008 - FIXED-LENGTH DATA ELEMENTS--GENERAL INFORMATION
fixed length control field 250925b xxu||||| |||| 00| 0 eng d
020 ## - INTERNATIONAL STANDARD BOOK NUMBER
International Standard Book Number 978-1-266-26413-9
050 ## - LIBRARY OF CONGRESS CALL NUMBER
Classification number HD 62.7
Item number .H57 2024
100 ## - MAIN ENTRY--PERSONAL NAME
Personal name Hisrich, Robert D.,
Relator term author.
245 ## - TITLE STATEMENT
Title Entrepreneurship /
Statement of responsibility, etc Robert D. Hisrich, Michael P. Peters, and Dean A. Shepherd.
250 ## - EDITION STATEMENT
Edition statement Twelfth edition.
260 ## - PUBLICATION, DISTRIBUTION, ETC. (IMPRINT)
Place of publication, distribution, etc New York, NY :
Name of publisher, distributor, etc McGraw Hill LLC,
Date of publication, distribution, etc 2024.
300 ## - PHYSICAL DESCRIPTION
Extent xxiv, 552 pages :
Other physical details illustrations ;
Dimensions 26 cm.
504 ## - BIBLIOGRAPHY, ETC. NOTE
Bibliography, etc Includes index.
650 ## - SUBJECT ADDED ENTRY--TOPICAL TERM
Topical term or geographic name as entry element Entrepreneurship.
650 ## - SUBJECT ADDED ENTRY--TOPICAL TERM
Topical term or geographic name as entry element New business enterprises.
650 ## - SUBJECT ADDED ENTRY--TOPICAL TERM
Topical term or geographic name as entry element Small business
General subdivision Management.
650 ## - SUBJECT ADDED ENTRY--TOPICAL TERM
Topical term or geographic name as entry element Creative ability in business.
700 ## - ADDED ENTRY--PERSONAL NAME
Personal name Peters, Michael P.,
Relator term author.
700 ## - ADDED ENTRY--PERSONAL NAME
Personal name Shepherd, Dean A.,
Relator term author.
942 ## - ADDED ENTRY ELEMENTS (KOHA)
Source of classification or shelving scheme Library of Congress Classification
Koha item type Books
Holdings
Withdrawn status Lost status Source of classification or shelving scheme Damaged status Home library Current library Shelving location Date acquired Source of acquisition Sub Shelving location Total Checkouts Full call number Barcode Date last seen Price effective from Koha item type
    Library of Congress Classification   College Library College Library Reserve Section 06/04/2025 Library Fund     HD 62.7 .H57 2024 C25215 09/25/2025 09/25/2025 Books

Entrepreneurship /

APA

Hisrich R. D., Peters M. P. & Shepherd D. A. (2024). Entrepreneurship. New York, NY: McGraw Hill LLC.

Chicago

Hisrich Robert D, Peters Michael P and Shepherd Dean A. 2024. Entrepreneurship. New York, NY: McGraw Hill LLC.

Harvard

Hisrich R. D., Peters M. P. and Shepherd D. A. (2024). Entrepreneurship. New York, NY: McGraw Hill LLC.

MLA

Hisrich Robert D, Peters Michael P and Shepherd Dean A. Entrepreneurship. New York, NY: McGraw Hill LLC. 2024.

  • Place hold
  • Print
  • Cite
  • Add to your cart (remove)
  • Save record
    BIBTEX Dublin Core MARCXML MARC (non-Unicode/MARC-8) MARC (Unicode/UTF-8) MARC (Unicode/UTF-8, Standard) MODS (XML) RIS
  • More searches
    Search for this title in:
    Other Libraries (WorldCat) Other Databases (Google Scholar) Online Stores (Bookfinder.com) Open Library (openlibrary.org)

Exporting to Dublin Core...

SOUTHVILLE LIBRARY

Southville International School and Colleges Library

1281 Tropical Ave. Cor. Luxembourg St., BF Homes International, Las Pinas City

Tel. No. 8256374 / 252358 Loc. 117/146

Powered by Koha